| 000 | 00570nam a2200241 a 4500 | ||
|---|---|---|---|
| 001 | nice12345678 | ||
| 003 | IN_TiNIC | ||
| 005 | 20260116012931.0 | ||
| 008 | 050524s1913 teha grs 000 0 abg | ||
| 020 |
_a _c100 |
||
| 082 | 0 | 0 |
_a491.25 _bSHE |
| 100 | _aShekhar, Indu | ||
| 245 | _aRahnumai Sanskrit | ||
| 260 |
_aTehran _bUniversity of Tehran _c1913 |
||
| 300 | _a193p | ||
| 500 | _aincludes index and biblioraphy | ||
| 505 | 2 | _aBibliography | |
| 650 | _aSanskrit Grammar | ||
| 700 | 1 | _aShekhar, Indu | |
| 902 | _bSRS | ||
| 942 | _cPS | ||
| 999 |
_c8958 _d8958 |
||